000
00225 a2200097 4500
001
52310
100
_a
Wortman A J
245
_a
Advanced Engineering Mathematics
260
_a
New York
_b
John Wiley
_c
090
_c
32942
_d
32942
942
_a
NUST-CAE
_c
M
_c
25494
999
_c
287383
_d
287383